Caracterización de suelos del partido de Coronel Suárez en distinta posición del paisaje /

Guardado en:
Autor Principal: Metz, Claudio Marcelo.
Autor Corporativo: Universidad Nacional del Sur. Departamento de Agronomía.
Otros Autores: Schwindt, Pablo Darío.
Formato: Libro
Idioma:Spanish
Publicado: Bahía Blanca, 2007.
Etiquetas: Agregar Etiqueta
Sin Etiquetas, Sea el primero en etiquetar este registro!
LEADER 00843nam a22001815a 4500
001 EEA.libagro007909
005 20180412105144.0
008 130809s2007####ag#a##########000#0#spa#d
082 0 4 |a 631.478212 
100 1 |a Metz, Claudio Marcelo. 
245 1 0 |a Caracterización de suelos del partido de Coronel Suárez en distinta posición del paisaje /  |c Claudio Marcelo Metz, Pablo Darío Schwindt. 
260 |a Bahía Blanca,  |c 2007. 
300 |a 83 h. :  |b ilus. ;  |c 30 cm. 
500 |a Trabajo final (Técnico Superior Agrario en Suelos y Aguas) -- Universidad Nacional del Sur. Departamento de Agronomía, 2007. 
700 1 |a Schwindt, Pablo Darío. 
710 2 |a Universidad Nacional del Sur.  |b Departamento de Agronomía. 
859 |a AR-BbBCA  |b BIB. AGRONOMIA  |h 631.478212  |i M596  |p 2007/5298 
859 |a AR-BbBCA  |b BIB. AGRONOMIA  |h 631.478212  |i M596  |p 2007/5299  |t Ej.2